01011 a2200229 4500001000700000020001800007040003200025090000800057100001700065245006000082260000700142300004600149362000900195520037300204650002800577650002500605650001700630650001600647942000700663952009200670999001900762123118 a9781407116488 cEscola Canadense de Niteroi aSAL aSalmon, Andy10aThink of a link: how to remember absolutely everything  aUK a208 p.c2 x 0.59 x 7.28 iches (hardcover)0 a2011 aThink of a link - is a fun and easy way to remember things such as dates, names and facts. For example: The capital of Brazil is Brasilia ...Because they're brasiliant at football; Russia is the world's biggest country ...If you Russia lot, you'll get there first. Providing links to the lively accompanying website and crazy cartoons by Clive Goddard. It's hilarious! 4aCuriosities and wonders 4aJuvenile Literature  4aMemorization 4aNon-Fiction cBK 00104070a80.1b80.1d2024-02-09l0oSALpA01672r2024-02-09 21:19:19w2024-02-09yBK c123118d123118